000
00256nam a2200109Ia 4500
008
221009s9999 xx 000 0 und d
082
_a
294/DHA
100
_a
Dhavalikar, M. k.
_9
13187
245
0
_a
Ganesa
260
_b
Aryan Book lnternational
942
_c
BK
999
_c
64758
_d
64758